| Tag |
First Indicator |
Second Indicator |
Subfields |
| LEADER |
00000cam a2200000 4500 |
| 001 |
in00000059881 |
| 005 |
20151008051026.0 |
| 008 |
750129c19621961 eng u |
| 010 |
|
|
|a 61015336
|
| 035 |
|
|
|a (OCoLC)01155383
|
| 035 |
|
|
|9 AAG5114AM
|
| 040 |
|
|
|c IAU
|d TXA
|d UtOrBLW
|
| 049 |
|
|
|a TXAM
|c [344244]
|
| 050 |
0 |
0 |
|a BL310
|b .F75 1962
|
| 092 |
|
|
|a 291
|b F848a, 1962
|
| 100 |
1 |
|
|a Frazer, James George,
|d 1854-1941.
|
| 245 |
1 |
0 |
|a Adonis, Attis, Osiris ;
|b studies in the history of Oriental re- ligion.
|
| 250 |
|
|
|a 3d ed., rev. and enl.
|
| 264 |
|
1 |
|a New Hyde Park, N.Y. :
|b University Books,
|c [1962]
|
| 264 |
|
4 |
|c [©1961]
|
| 300 |
|
|
|a xxviii, 317, 321p :
|b illustrations ;
|c 24 cm.
|
| 336 |
|
|
|a text
|b txt
|2 rdacontent
|
| 337 |
|
|
|a unmediated
|b n
|2 rdamedia
|
| 338 |
|
|
|a volume
|b nc
|2 rdacarrier
|
| 500 |
|
|
|a "Part IV of [the author's] The Golden bough, a study in magic and religion."
|
| 504 |
|
|
|a Bibliographical footnotes.
|
| 600 |
|
0 |
|a Adonis
|c (Greek deity)
|
| 650 |
|
0 |
|a Attis (God)
|
| 600 |
|
0 |
|a Osiris
|c (Egyptian deity)
|
| 650 |
|
0 |
|a Religions
|x History.
|
| 999 |
|
|
|a MARS
|
| 999 |
f |
f |
|s f94c46d4-69f5-3073-ae81-d6b97503eca3
|i 0fdc91b4-fca4-3acc-a63a-cc65348d9942
|t 0
|
| 952 |
f |
f |
|p normal
|a Texas A&M University
|b College Station
|c Sterling C. Evans Library
|d Evans: Library Stacks
|t 0
|e BL310 .F75 1962
|h Library of Congress classification
|i unmediated -- volume
|m A14800626918
|
| 998 |
f |
f |
|a BL310 .F75 1962
|t 0
|l Evans: Library Stacks
|